000 00837nam a22002897a 4500
001 BR9001994
003 BR-BrBNA
005 20230928093432.0
007 ta
008 230509b bl.||||| |||| 00| 0 por d
040 _aBR-BrBNA
_bpor
_cBiblioteca Nacional de Agricultura
041 _a(Por)
072 _aN20; E50
_b4510
090 _ 4510 BR9001994
100 1 _aRobin, P.
110 1 _aInstituto de Pesquisas Tecnologicas, Sao Paulo, SP (Brasil)
_96224
245 1 _aSeguranca e ergonomia em maquinaria agricola: tratores agricolas
_bMonografia - 2
260 3 _aSao Paulo, SP (Brasil):
_c1987.
300 _a25 p.
500 _a17 illus.; 6 tables; 37 ref.
650 _aTRATOR
650 _aOCUPACAO
650 _aTRABALHO
650 _aPREVENCAO DE ACIDENTE
909 _a202309
_bLucia
_c55
_dLucia Elande
942 _cBK
999 _c44975
_d44975